Plan de una historia general de Chihuahua, o, Índice razonado de los capítulos que deben formarla / estudio presentado por el Sr. Dr. D. Porfirio Parra, en nombre de la Academia Mexicana de la Lengua correspondiente de la Real de Madrid

Detalles Bibliográficos
Autor principal: Parra, Porfirio, 1854-1912
Formato: Libro
Lenguaje:Undetermined
Spanish
Publicado: México 1911
Materias:
Colección:Banco de datos
Acervo:Biblioteca Fenando Tola de Habich. Colección bibliográfica
Descripción Física:39 p. 23 cm.
LEADER 00700nam a2200157Ia 4500
008 150723s9999 xx 000 0 und d
041 0 |a spa  
100 1 |a Parra, Porfirio, 1854-1912  
245 1 0 |a Plan de una historia general de Chihuahua, o, Índice razonado de los capítulos que deben formarla / estudio presentado por el Sr. Dr. D. Porfirio Parra, en nombre de la Academia Mexicana de la Lengua correspondiente de la Real de Madrid 
260 |a México  |b Tip. de la Viuda de F. Díaz de León Sucs.  |c 1911 
300 |a 39 p.  |c 23 cm. 
651 4 |a Chihuahua México Historia 
852 |a 1779 
942 |c TOLALIB 
943 |g Biblioteca Fenando Tola de Habich. Colección bibliográfica 
999 |c 991101  |d 991101